Proteomics research journal

Bibliographic Details
Corporate Author: Nova Science Publishers
Format: Electronic Journal
Language:English
Published: Hauppauge, NY : Nova Science Publishers
Subjects:
Online Access:Full text available from Research Library: 01/01/2011 to 10/31/2013

MARC

LEADER 00000nas a2200000 a 4500
001 ssj0001454452
003 WaSeSS
005 20200512172242.0
006 m d
007 cr n
008 070103c20079999nyuqr p s 0 a0eng c
010 |a  2007212001 
022 |l 1935-2824  |y 1935-2824 
035 |a (WaSeSS)ssj0001454452 
037 |b Nova Science Publishers, 400 Oser Ave., Ste. 1600, Hauppauge, NY 11788 
040 |a NSDP  |b eng  |c NSDP  |d NSDP  |d DLC  |d NSDP  |d DLC  |d OCoLC  |d DLC  |d OCoLC  |d WaSeSS 
042 |a pcc  |a nsdp 
050 0 0 |a QP551  |b .P75678 
082 1 0 |a 572  |2 14 
210 0 |a Proteom. res. j. 
222 0 |a Proteomics research journal 
245 0 0 |a Proteomics research journal  |h [electronic resource]. 
246 1 3 |a Proteomics 
260 |a Hauppauge, NY :  |b Nova Science Publishers 
310 |a Quarterly 
362 1 |a Began with vol. 1, issue 1 (2008). 
506 |a License restrictions may limit access. 
588 |a Description based on first issue; title from cover. 
650 0 |a Proteomics  |v Periodicals. 
655 0 |a Electronic journals. 
710 2 |a Nova Science Publishers. 
850 |a DLC 
856 4 0 |z Full text available from Research Library: 01/01/2011 to 10/31/2013  |u https://search.proquest.com/publication/2034818